The Fight Against Ebola (Record no. 335108)
[ view plain ]
| 000 -LEADER | |
|---|---|
| fixed length control field | 00489nam a2200097Ia 4500 |
| 008 - FIXED-LENGTH DATA ELEMENTS--GENERAL INFORMATION | |
| fixed length control field | 170517s9999 xx 000 0 und d |
| 245 #4 - TITLE STATEMENT | |
| Title | The Fight Against Ebola |
| 300 ## - PHYSICAL DESCRIPTION | |
| Extent | Ebola bullies itself into the forefront of global awareness more and more every day, and VICE News' The Fight Against Ebola traces the virus' current outbreak to its roots in Guinea in December of 2013. It quickly found its... |
| 650 ## - SUBJECT ADDED ENTRY--TOPICAL TERM | |
| General subdivision | Technology. |
| 856 ## - ELECTRONIC LOCATION AND ACCESS | |
| Uniform Resource Identifier | <a href="http://topdocumentaryfilms.com/fight-against-ebola/">http://topdocumentaryfilms.com/fight-against-ebola/</a> |
| Withdrawn status | Lost status | Damaged status | Home library | Current library | Date acquired | Total Checkouts | Date last seen | Price effective from | Koha item type |
|---|---|---|---|---|---|---|---|---|---|
| College Library | College Library | 05/17/2017 | 05/17/2017 | 05/17/2017 | Documentary Films |